[Event "Merida World Heritage op 2nd"]
[Site "Merida"]
[Date "2022.08.03"]
[Round "2"]
[White "Apolonia, Pedro Filipe Cristo"]
[Black "Garcia Trabanca, Ana"]
[Result "0-1"]
[WhiteElo "1708"]
[BlackElo "1454"]
[PlyCount "112"]
[EventDate "2022.08.02"]
[EventType "swiss"]
[EventRounds "9"]
[EventCountry "ESP"]
[SourceTitle "EXT 2023"]
[Source "ChessBase"]
[SourceDate "2022.10.05"]
[SourceVersion "1"]
[SourceVersionDate "2022.10.05"]
[SourceQuality "1"]

1. Nf3 e6 2. d4 d5 3. c4 Nf6 4. Nc3 Be7 5. g3 0-0 6. Bg2 b6 7. 0-0 Bb7 8. Nd2 c5 9. dxc5 Bxc5 10. cxd5 Nxd5 11. Qb3 Nc6 12. Nxd5 Nd4 13. Qd3 Bxd5 14. Ne4 h6 15. b4 f5 16. bxc5 Bxe4 17. Bxe4 fxe4 18. Qxe4 bxc5 19. Bb2 Qf6 20. Bxd4 cxd4 21. f4 Rab8 22. Rab1 Kh8 23. Rfd1 Rbd8 24. Rb7 a5 25. Rb5 d3 26. Rxd3 Qa1+ 27. Kf2 Qxa2 28. Rb7 Rxd3 29. Qxd3 a4 30. Qd7 Rg8 31. Ra7 a3 32. Qd6 Qb1 33. Rxa3 Qh1 34. h4 Rc8 35. Qxe6 Qh2+ 36. Kf3 Qh1+ 37. Kg4 Qc1 38. Ra7 Qc5 39. Qf7 Rg8 40. Re7 Qc8+ 41. Qe6 Qb8 42. h5 Qb5 43. Qe5 Qc6 44. Re6 Qc8 45. Kh4 Qc1 46. Kh3 Kh7 47. g4 Qd1 48. Qe4+ Kh8 49. g5 Qf1+ 50. Kg4 Qg1+ 51. Kf5 Rf8+ 52. Kg6 hxg5 53. fxg5 Qf2 54. Qf3 Rxf3 55. exf3 Qc2+ 56. Kf7 Qf5+ 0-1

[Event "Merida World Heritage op 2nd"]
[Site "Merida"]
[Date "2022.08.02"]
[Round "1"]
[White "Katz, Alexander R"]
[Black "Apolonia, Pedro Filipe Cristo"]
[Result "1-0"]
[WhiteElo "2412"]
[BlackElo "1708"]
[PlyCount "57"]
[EventDate "2022.08.02"]
[EventType "swiss"]
[EventRounds "9"]
[EventCountry "ESP"]
[SourceTitle "CBM 209 Extra"]
[Source "ChessBase"]
[SourceDate "2022.09.30"]
[SourceVersion "1"]
[SourceVersionDate "2022.09.30"]
[SourceQuality "1"]

1. e4 c5 2. Nf3 g6 3. c3 Bg7 4. d4 cxd4 5. cxd4 d5 6. e5 Bg4 7. Bb5+ Nc6 8. Bxc6+ bxc6 9. Nbd2 e6 10. 0-0 Ne7 11. h3 Bxf3 12. Nxf3 0-0 13. b3 a5 14. Ba3 Qd7 15. Rc1 Ra6 16. Ne1 f6 17. Nd3 Rb6 18. Qe1 fxe5 19. dxe5 Ra8 20. Nc5 Qc8 21. Na4 Rb7 22. Bxe7 Rxe7 23. Nb6 Qb7 24. Nxa8 Qxa8 25. Rc5 Ra7 26. Qc3 Qb8 27. Re1 Ra6 28. Rxc6 Bxe5 29. Qxe5 1-0

[Event "POR-ch U16"]
[Site "Luso"]
[Date "2018.03.28"]
[Round "7"]
[White "Silva, Joao Miguel Pereira"]
[Black "Apolonia, Pedro Filipe Cristo"]
[Result "1-0"]
[WhiteElo "1572"]
[BlackElo "1679"]
[PlyCount "51"]
[EventDate "2018.03.24"]
[EventType "swiss"]
[EventRounds "7"]
[EventCountry "POR"]
[SourceTitle "EXT 2019"]
[Source "ChessBase"]
[SourceDate "2018.10.10"]
[SourceVersion "1"]
[SourceVersionDate "2018.10.10"]
[SourceQuality "1"]

1. e4 c5 2. d4 cxd4 3. Qxd4 Nc6 4. Qa4 d6 5. Nf3 Bd7 6. Be3 Nf6 7. Nbd2 Ng4 8. Qa3 Nxe3 9. Qxe3 Qb6 10. Qxb6 axb6 11. Nc4 b5 12. Nb6 Ra5 13. Nxd7 Kxd7 14. Kd2 g6 15. c3 Bg7 16. a3 Rha8 17. Rd1 Ne5 18. Nxe5+ Bxe5 19. Ke3 Kc6 20. f4 Bg7 21. Be2 Rd8 22. Rd2 Kb6 23. Rhd1 Rc8 24. Rd5 Rc5 25. Rxc5 Kxc5 26. b4+ 1-0

[Event "POR-ch U16"]
[Site "Luso"]
[Date "2018.03.27"]
[Round "6"]
[White "Apolonia, Pedro Filipe Cristo"]
[Black "Veiga, Jose Francisco RP"]
[Result "0-1"]
[WhiteElo "1679"]
[BlackElo "2316"]
[PlyCount "32"]
[EventDate "2018.03.24"]
[EventType "swiss"]
[EventRounds "7"]
[EventCountry "POR"]
[SourceTitle "EXT 2019"]
[Source "ChessBase"]
[SourceDate "2018.10.10"]
[SourceVersion "1"]
[SourceVersionDate "2018.10.10"]
[SourceQuality "1"]

1. c4 e5 2. b3 d6 3. Bb2 Nc6 4. e3 g6 5. Nf3 Bg7 6. Be2 f5 7. d4 e4 8. Nfd2 Nf6 9. d5 Ne5 10. f4 exf3 11. gxf3 Nfg4 12. fxg4 Qh4+ 13. Kf1 Nxg4 14. Bxg4 Bxb2 15. Na3 fxg4 16. Nb5 0-0+ 0-1

[Event "POR-ch U16"]
[Site "Luso"]
[Date "2018.03.26"]
[Round "4"]
[White "Antunes, Andre Rafael"]
[Black "Apolonia, Pedro Filipe Cristo"]
[Result "0-1"]
[WhiteElo "1531"]
[BlackElo "1679"]
[PlyCount "70"]
[EventDate "2018.03.24"]
[EventType "swiss"]
[EventRounds "7"]
[EventCountry "POR"]
[SourceTitle "EXT 2019"]
[Source "ChessBase"]
[SourceDate "2018.10.10"]
[SourceVersion "1"]
[SourceVersionDate "2018.10.10"]
[SourceQuality "1"]

1. b3 c5 2. Bb2 Nc6 3. c4 e5 4. e3 g6 5. a3 Bg7 6. d3 Nge7 7. Be2 0-0 8. Qc2 d6 9. Nf3 Nf5 10. 0-0 a6 11. Nbd2 Be6 12. Ne4 h6 13. Rac1 Nfe7 14. Rfd1 b5 15. Qc3 f5 16. Ned2 Rf7 17. e4 g5 18. h3 g4 19. hxg4 fxg4 20. Nh2 Nd4 21. Re1 Nec6 22. b4 cxb4 23. axb4 Qh4 24. g3 Qh3 25. Bf1 Qh5 26. Re2 Nxe2+ 27. Bxe2 Nd4 28. Re1 Raf8 29. f3 gxf3 30. Ndxf3 Nxf3+ 31. Nxf3 Rxf3 32. Bxf3 Rxf3 33. Rf1 Rxg3+ 34. Kf2 Rf3+ 35. Ke1 Re3+ 0-1

[Event "Famalicao op 5th"]
[Site "Famalicao"]
[Date "2017.08.02"]
[Round "6"]
[White "Apolonia, Pedro Filipe Cristo"]
[Black "Sousa, Hugo Carneiro"]
[Result "0-1"]
[WhiteElo "1564"]
[BlackElo "2017"]
[PlyCount "103"]
[EventDate "2017.07.29"]
[EventType "swiss"]
[EventRounds "9"]
[EventCountry "POR"]
[SourceTitle "EXT 2018"]
[Source "ChessBase"]
[SourceDate "2017.10.13"]
[SourceVersion "1"]
[SourceVersionDate "2017.10.13"]
[SourceQuality "1"]

1. Nf3 e6 2. c4 d5 3. g3 Be7 4. Bg2 Nf6 5. 0-0 0-0 6. b3 c5 7. e3 Nc6 8. cxd5 exd5 9. d4 cxd4 10. Nxd4 Nxd4 11. Qxd4 Ne4 12. Bxe4 Bf6 13. Bxh7+ Kh8 14. Qd1 Bxa1 15. Qh5 Bg4 16. Qxg4 Kxh7 17. Ba3 Re8 18. Rd1 Qa5 19. Qd7 Kg8 20. Qxb7 Rad8 21. Qb4 Qxb4 22. Bxb4 d4 23. exd4 Rxd4 24. Nd2 Rxb4 25. Rxa1 Rd4 26. Nf3 Rd5 27. Kf1 Red8 28. Ke2 f6 29. Rc1 Re8+ 30. Kf1 Kf7 31. Rc4 Re7 32. Nd4 Red7 33. Nf3 Ke8 34. Ke2 Kd8 35. h4 Re7+ 36. Kf1 Rc7 37. Ra4 a5 38. Ke2 Re7+ 39. Kf1 Rb7 40. Nd4 Kd7 41. a3 Kd6 42. Ke2 Re7+ 43. Kd3 Re1 44. Rc4 Rd1+ 45. Ke3 Re1+ 46. Kd3 Ra1 47. Ra4 Ke5 48. Rxa5 Rd1+ 49. Ke3 R1xd4 50. f4+ Ke6 51. Ra7 Rd3+ 52. Kf2 0-1

[Event "Famalicao op 5th"]
[Site "Famalicao"]
[Date "2017.07.30"]
[Round "2"]
[White "Apolonia, Pedro Filipe Cristo"]
[Black "Martins, Bruno Andre Leite"]
[Result "0-1"]
[WhiteElo "1564"]
[BlackElo "2033"]
[PlyCount "68"]
[EventDate "2017.07.29"]
[EventType "swiss"]
[EventRounds "9"]
[EventCountry "POR"]
[SourceTitle "EXT 2018"]
[Source "ChessBase"]
[SourceDate "2017.10.13"]
[SourceVersion "1"]
[SourceVersionDate "2017.10.13"]
[SourceQuality "1"]

1. Nf3 Nf6 2. g3 g6 3. Bg2 Bg7 4. c4 0-0 5. 0-0 d6 6. Nc3 e5 7. d4 Nbd7 8. Bg5 h6 9. Bxf6 Bxf6 10. d5 Bg7 11. e4 a5 12. Ne1 f5 13. f3 Nc5 14. Nd3 Nxd3 15. Qxd3 h5 16. h3 Bd7 17. a4 Qc8 18. Kh2 Bh6 19. exf5 gxf5 20. g4 Bf4+ 21. Kh1 Qd8 22. Ne2 Qg5 23. gxh5 Kf7 24. Nxf4 Qxf4 25. Kg1 Rg8 26. Rf2 Rg3 27. Re1 Rag8 28. Qc3 b6 29. b3 Qg5 30. Qc2 f4 31. Kf1 Bf5 32. Qd2 Qxh5 33. Rc1 Rxg2 34. Rxg2 Bxh3 0-1

[Event "Famalicao op 5th"]
[Site "Famalicao"]
[Date "2017.07.30"]
[Round "3"]
[White "Pacheco, Joao Daniel Barbosa"]
[Black "Apolonia, Pedro Filipe Cristo"]
[Result "0-1"]
[WhiteElo "1072"]
[BlackElo "1564"]
[PlyCount "56"]
[EventDate "2017.07.29"]
[EventType "swiss"]
[EventRounds "9"]
[EventCountry "POR"]
[SourceTitle "EXT 2018"]
[Source "ChessBase"]
[SourceDate "2017.10.13"]
[SourceVersion "1"]
[SourceVersionDate "2017.10.13"]
[SourceQuality "1"]

1. d4 Nf6 2. Bf4 c5 3. e3 g6 4. Nd2 Bg7 5. Ngf3 0-0 6. g3 d6 7. Bg2 Nd5 8. Bg5 h6 9. Bh4 Be6 10. 0-0 g5 11. Bxg5 hxg5 12. Nxg5 Nc6 13. Qh5 Re8 14. Qh7+ Kf8 15. Qe4 Qd7 16. f4 Nf6 17. Qd3 cxd4 18. exd4 Nb4 19. Nxe6+ Qxe6 20. Qb5 Nxc2 21. d5 Qe3+ 22. Kh1 Nxa1 23. Rd1 Ng4 24. Ne4 f5 25. Rxa1 fxe4 26. Qc4 Nf2+ 27. Kg1 Nh3+ 28. Kf1 Qf2# 0-1

[Event "Lisbon Portugal op"]
[Site "Lisbon"]
[Date "2017.02.07"]
[Round "6"]
[White "Candeias, Humberto"]
[Black "Apolonia, Pedro Filipe Cristo"]
[Result "1/2-1/2"]
[WhiteElo "1979"]
[BlackElo "1462"]
[PlyCount "124"]
[EventDate "2017.02.04"]
[EventType "swiss"]
[EventRounds "9"]
[EventCountry "POR"]
[SourceTitle "CBM 176 Extra"]
[Source "ChessBase"]
[SourceDate "2017.03.02"]
[SourceVersion "1"]
[SourceVersionDate "2017.03.02"]
[SourceQuality "1"]

1. e4 d6 2. d4 Nf6 3. Nc3 g6 4. Be3 Bg7 5. Qd2 Nbd7 6. 0-0-0 e5 7. d5 Ng4 8. Bg5 f6 9. f3 Nxh2 10. Bh6 Nxf1 11. Rxf1 Qe7 12. Nge2 b6 13. Re1 a5 14. Nb5 Nc5 15. b3 Ba6 16. Nec3 Bxb5 17. Nxb5 g5 18. Kb1 Kf7 19. g3 Kg6 20. Qh2 Kf7 21. Qh5+ Kf8 22. Rh2 Na6 23. f4 Bxh6 24. Qxh6+ Qg7 25. fxg5 Qxh6 26. gxh6 Rg8 27. Re3 Rg6 28. Rc3 Nc5 29. Nxc7 Nxe4 30. Ne6+ Kg8 31. Rc6 Rxg3 32. Kb2 b5 33. Nc7 Rb8 34. Re2 f5 35. Ne6 b4 36. Rc7 Nc3 37. Rd2 Rg1 38. Rg7+ Rxg7 39. hxg7 Kf7 40. Rg2 Nxd5 41. Ng5+ Kxg7 42. Ne4+ Kf7 43. Nxd6+ Ke6 44. Nc4 f4 45. Rg5 Kf6 46. Rxe5 Ne3 47. Rxa5 Nxc4+ 48. bxc4 Kg6 49. Rd5 h5 50. c5 f3 51. Kb3 f2 52. Rd1 Rf8 53. Rf1 Kg5 54. c6 Kg4 55. Kxb4 Kg3 56. Kb5 Kg2 57. Rxf2+ Rxf2 58. c4 Rxa2 59. c7 Ra8 60. Kb6 h4 61. Kb7 Rh8 62. c5 h3 1/2-1/2

[Event "Lisbon Portugal op"]
[Site "Lisbon"]
[Date "2017.02.05"]
[Round "3"]
[White "Apolonia, Pedro Filipe Cristo"]
[Black "Pina, Tiago Miguel Catala"]
[Result "1-0"]
[WhiteElo "1462"]
[BlackElo "1053"]
[PlyCount "67"]
[EventDate "2017.02.04"]
[EventType "swiss"]
[EventRounds "9"]
[EventCountry "POR"]
[SourceTitle "CBM 176 Extra"]
[Source "ChessBase"]
[SourceDate "2017.03.02"]
[SourceVersion "1"]
[SourceVersionDate "2017.03.02"]
[SourceQuality "1"]

1. Nf3 Nf6 2. g3 c6 3. c4 e6 4. Bg2 d5 5. d4 dxc4 6. Ne5 Be7 7. 0-0 0-0 8. Nd2 Nbd7 9. Ndxc4 Nxe5 10. Nxe5 Qc7 11. Bf4 Bd6 12. e4 Re8 13. Rc1 Qa5 14. Nc4 Qxa2 15. Nxd6 Rd8 16. e5 Nd5 17. Qh5 Rd7 18. Bh3 Nxf4 19. gxf4 Qxb2 20. Bxe6 h6 21. Nxf7 Rxf7 22. Qxf7+ Kh7 23. Bf5+ Bxf5 24. Qxf5+ Kh8 25. Rb1 Qxd4 26. Rxb7 a5 27. Rfb1 Qd8 28. Rd7 Qg8 29. Rbb7 Qc4 30. Rxg7 Qg8 31. Rxg8+ Rxg8+ 32. Kh1 Rg7 33. Qf8+ Rg8 34. Qxh6# 1-0

[Event "POR-ch U14"]
[Site "Luso"]
[Date "2016.07.20"]
[Round "1"]
[White "Castro, Luis Filipe Ferreir"]
[Black "Apolonia, Pedro Filipe Cristo"]
[Result "0-1"]
[WhiteElo "1806"]
[BlackElo "1392"]
[PlyCount "70"]
[EventDate "2016.07.20"]
[EventType "swiss"]
[EventRounds "7"]
[EventCountry "POR"]
[SourceTitle "EXT 2018"]
[Source "ChessBase"]
[SourceDate "2017.10.13"]
[SourceVersion "1"]
[SourceVersionDate "2017.10.13"]
[SourceQuality "1"]

1. Nf3 d5 2. d3 c5 3. Nbd2 Nc6 4. g3 Nf6 5. Bg2 e5 6. 0-0 Be7 7. e4 dxe4 8. dxe4 Bg4 9. Qe2 Nd4 10. Qd3 Nxf3+ 11. Nxf3 Qxd3 12. cxd3 Bxf3 13. Bxf3 0-0 14. Be3 Rfd8 15. Rfd1 Rac8 16. Rac1 Rc6 17. b3 b6 18. Bg2 Ng4 19. b4 Nxe3 20. fxe3 Bg5 21. Kf2 Rdd6 22. Rc3 cxb4 23. Rb3 a5 24. Bf1 Rf6+ 25. Ke2 Rc8 26. d4 Rc2+ 27. Ke1 exd4 28. Rxd4 Rc1+ 29. Ke2 Rfxf1 30. Rbd3 g6 31. Rd6 Rh1 32. h4 Rh2+ 33. Kf3 Rf1+ 34. Kg4 Be7 35. Rxb6 h5# 0-1

[Event "POR-ch U14"]
[Site "Luso"]
[Date "2015.07.23"]
[Round "2"]
[White "Apolonia, Pedro Filipe Cristo"]
[Black "Santos, Antonio Miguel Oliv"]
[Result "0-1"]
[WhiteElo "1364"]
[BlackElo "1707"]
[PlyCount "52"]
[EventDate "2015.07.22"]
[EventType "swiss"]
[EventRounds "7"]
[EventCountry "POR"]
[SourceTitle "EXT 2018"]
[Source "ChessBase"]
[SourceDate "2017.10.13"]
[SourceVersion "1"]
[SourceVersionDate "2017.10.13"]
[SourceQuality "1"]

1. Nf3 Nf6 2. g3 g6 3. b3 Bg7 4. Bb2 0-0 5. c4 c5 6. Bg2 Nc6 7. 0-0 d6 8. d4 cxd4 9. Nxd4 Bd7 10. Nd2 Nxd4 11. Bxd4 Bc6 12. Nf3 a5 13. Bc3 Qc7 14. Qc1 Rac8 15. Nd4 Bxg2 16. Kxg2 d5 17. Nb5 Qd7 18. Rd1 Qe6 19. Bxa5 dxc4 20. bxc4 Rxc4 21. Qb2 Ne4 22. Nd4 Qd5 23. Bb6 Nc3+ 24. Kg1 Nxd1 25. Rxd1 e5 26. Nf3 Qxd1+ 0-1